01017cam a22003734i 4500003000900000005001700009008004100026020001500067035002700082040003300109082002000142100002500162245001900187264004300206300003800249336002100287337002500308338002300333504002800356505012100384526001000505526001000515526001000525526001000535526000800545526000800553526000800561526000800569526000800577526000800585526000800593650002500601700001700626PE-LiUPU20250731173523.0150616s r 000 0 d a083081664X a(Sirsi) i9780830816644 aPE-LiUPUbspacPE-LiUPUerda04a234.13bF662211 aFlynn, Mike,eautor.10aInner Healing. 1aIllinois :bInterVarsity Press,c1993. a222 páginas ;c21 centímetros atext2rdacontent aunmediated2rdamedia avolume2rdacarrier aIncluye bibliografía.0 aWhat is the ministry of inner healing?.- Theological underpinnings.- Jesus' healing authority.- Praying for oneself. aSEG42 aSEG41 aSEG40 aSEG39 aP94 aP87 aP86 aP85 aP77 aP76 aP3504aCURACION ESPIRITUAL.1 aGregg, Doug.